• 首页
  • 本馆介绍
  • 公告通知
  • 最新文献
  • 馆藏检索
  • 电子资源
  • 读者导购
  • 参考咨询
  • 我的图书馆
  • 登录
  • 详细信息显示
  • 放入我的书架
  • 预约/预借图书
  • 作者相关作品
  • 分类相关作品
  • 丛书相关作品
  • 出版社相关作品

书目信息

  • 表格格式
  • 工作单格式
  • 卡片格式
题名:
齐国史料编年考辨
    
 
作者: 陈书仪 著
分册: 下  
出版信息: 济南   山东人民出版社  2015.9
页数: 460-796页
开本: 24cm
丛书名:
单 册:
中图分类: K231.07
科图分类:
主题词: 中国历史--zhong guo li shi--史料--研究--齐国(前11世纪~前221)
电子资源:
ISBN: 978-7-209-09215-9
000 01815nam0 22002291 450
001 0119165217
005 20170620100107.71
010    @a978-7-209-09215-9@dCNY49.00 (全2册98.00)
100    @a20151017d2015 em y0chiy0110 ea
101 0  @achi
102    @aCN@b370000
105    @ay z 000yy
106    @ar
200 1  @a齐国史料编年考辨@9qi guo shi liao bian nian kao bian@h下@f陈书仪著
210    @a济南@c山东人民出版社@d2015.9
215    @a460-796页@d24cm
330    @a我国北方,早在虞夏之前已有齐的存在,他们所居的地方,史书上称之为齐地。《汉书·地理志》:“齐地,虚危之分壄也。东有菑川、东莱、琅邪、高密、胶东,南有泰山、城阳,北有千乘,清河以南,勃海之高乐、高程、重合、阳信,西有济南、平原,皆齐地分也。少昊之世有爽鸠氏,虞、夏之时有季崱,汤时有逢公柏陵,殷末有薄姑氏,皆为诸侯,国此地。至周成王时,薄姑氏与四国共作乱,成王灭之,以封师尚父,是为太公。”这是说姜齐之前的齐地范围。史学家郭沫若说:“齐当即齐国之前身,盖殷时旧国,周人灭之,别立新国而仍其旧称也,春秋时齐地颇广大。殷代之齐,当指齐之首都营丘附近。”(转引自朱芳圃:《甲骨学商史编》上册)由此可见,周齐封国之前已经存在着古齐国和许多古部落,不过当时的所谓的“国”实际上大多还是一些带有浓厚氏族特征的分散的、各自独立的居民集团,所以,这种氏族组织,同地域紧密结合在一起,既是氏族组织,又是地域性的国家组织。据史学家考证,仅夏、商时期,山东古国见于记载,并能查到地望的就有135个之多。周灭商后,周王朝分封在今山东地的齐、鲁等封国,就是在这块古老的齐地上发展起来的封国。《齐国史料编年考辨》一书起始于周文王出生年,正文终结于前110年,即齐怀王刘闳八年(汉武帝刘彻元封元年),搜集史书有关史料编辑而成,为齐国历史编年体史书,并兼及鲁国史料。
606 0  @a中国历史@9zhong guo li shi@x史料@x研究@x齐国(前11世纪~前221)
690    @aK231.07@v5
701  0 @a陈书仪@9chen shu yi@4著
801  0 @aCN@b百万庄@c20170616
905    @b1010241-6@dK231.07@e21:2@f6
    
    齐国史料编年考辨.下/陈书仪著.-济南:山东人民出版社,2015.9
    460-796页;24cm
    
    
    ISBN 978-7-209-09215-9:CNY49.00 (全2册98.00)
    我国北方,早在虞夏之前已有齐的存在,他们所居的地方,史书上称之为齐地。《汉书·地理志》:“齐地,虚危之分壄也。东有菑川、东莱、琅邪、高密、胶东,南有泰山、城阳,北有千乘,清河以南,勃海之高乐、高程、重合、阳信,西有济南、平原,皆齐地分也。少昊之世有爽鸠氏,虞、夏之时有季崱,汤时有逢公柏陵,殷末有薄姑氏,皆为诸侯,国此地。至周成王时,薄姑氏与四国共作乱,成王灭之,以封师尚父,是为太公。”这是说姜齐之前的齐地范围。史学家郭沫若说:“齐当即齐国之前身,盖殷时旧国,周人灭之,别立新国而仍其旧称也,春秋时齐地颇广大。殷代之齐,当指齐之首都营丘附近。”(转引自朱芳圃:《甲骨学商史编》上册)由此可见,周齐封国之前已经存在着古齐国和许多古部落,不过当时的所谓的“国”实际上大多还是一些带有浓厚氏族特征的分散的、各自独立的居民集团,所以,这种氏族组织,同地域紧密结合在一起,既是氏族组织,又是地域性的国家组织。据史学家考证,仅夏、商时期,山东古国见于记载,并能查到地望的就有135个之多。周灭商后,周王朝分封在今山东地的齐、鲁等封国,就是在这块古老的齐地上发展起来的封国。《齐国史料编年考辨》一书起始于周文王出生年,正文终结于前110年,即齐怀王刘闳八年(汉武帝刘彻元封元年),搜集史书有关史料编辑而成,为齐国历史编年体史书,并兼及鲁国史料。
●
相关链接 在E读中查询图书 在五车中查询图书 在当当中查询图书 在豆瓣中查询图书


正题名:齐国史料编年考辨     索取号:K231.07/21:2         预约/预借

序号 登录号 条形码 馆藏地/架位号 状态 备注
1 1010241   210102413   第二样本阅览室/ [索取号:K231.07/21:2] 在馆    
2 1010242   210102422   教育系资料室/ [索取号:K231.07/21:2] 在馆    
3 1010243   210102431   教育系资料室/ [索取号:K231.07/21:2] 在馆    
4 1010244   210102440   教育系资料室/ [索取号:K231.07/21:2] 在馆    
5 1010245   210102459   第二借阅区/ [索取号:K231.07/21:2] 在馆    
6 1010246   210102468   第二借阅区/ [索取号:K231.07/21:2] 在馆    
唐山师范学院图书馆 欢迎您!
大连网信软件有限公司© 版权所有